000 00512nam a22001697a 4500
999 _c3898
_d3898
008 200707b ||||| |||| 00| 0 eng d
020 _a0900335416
082 0 0 _a621.3
_bK891
100 _91274
_aKraal, Edmund G. R.
245 1 0 _aReed's Advanced electrotechnology for marine engineers /
_cby Edmund G. R. Kraal
250 _a2nd ed.
260 _aLondon
_bReed
_c1977
300 _a664 p.
490 0 _aReeds Marine Engineering and Technology Series;
_vVol. 7
650 0 _aElectrical Engineering
942 _cBK